Teoria i pràctica de l'avaluació de serveis socials / Maria Teresa Massons
Descripción Física:
142 p. ; 21 cm
Colección:
Eines de treball social ; 1
Materias:
Serveis socials -- Avaluació
MARC
| LEADER | 00000nam a2200000Ia 4500 | ||
|---|---|---|---|
| 001 | 11672 | ||
| 008 | 160829s1997 xx 000 0 cat d | ||
| 080 | |a S-1-78 | ||
| 100 | |a Massons, Maria Teresa |9 517 | ||
| 245 | |a Teoria i pràctica de l'avaluació de serveis socials / Maria Teresa Massons | ||
| 260 | |a Barcelona : |b Diputació de Barcelona. Servei de Serveis Socials, |c 1997 | ||
| 300 | |a 142 p. ; |c 21 cm | ||
| 490 | |a Eines de treball social ; 1 | ||
| 650 | |a Serveis socials |x Avaluació |9 25068 | ||
| 710 | |a Barcelona (Catalunya : Província). |b Servei de Serveis Socials |9 2896 | ||
| 901 | |a Arxiu | ||
| 942 | |n 1 | ||
| 952 | |0 0 |1 0 |4 0 |6 S178 |7 1 |9 43433 |a Arxiu |b Arxiu |d 2016-12-01 |l 0 |o S-1-78 |p 11672 |r 2016-12-01 00:00:00 |w 2016-12-01 |y ARXIU | ||
| 999 | |c 45979 |d 45979 | ||